"Fields of Verdun" Lyrics by Sabaton - Statistics

General Stats
  • This quiz has been taken 759 times
  • The average score is 225 of 306
Answer Stats
Lyric % Correct
a
98%
A
98%
fields
98%
Fields
98%
the
97%
The
97%
Verdun!
97%
of
96%
And
94%
and
94%
be
93%
So
92%
to
92%
on
91%
battle
90%
Father
90%
has
89%
No
88%
no
88%
begun!
87%
by
87%
Son!
87%
one
85%
one!
85%
Fall
83%
gun!
83%
run!
83%
day,
81%
day
81%
Thy
78%
Now
77%
sun!
76%
Under
76%
will
75%
Nowhere
74%
As
73%
in
73%
Where
73%
done!
72%
303
69%
days
68%
below
67%
turn
67%
they
66%
million
65%
darkness,
63%
were
61%
go
60%
green
60%
grey!
60%
into
60%
start
60%
shells
59%
fired,
58%
that
58%
judgement
57%
Descend
56%
trenches,
56%
trenches
56%
die
55%
die,
55%
away,
54%
hundred
54%
stand!
54%
started
54%
war!
54%
all
53%
mud,
53%
pass!
53%
shall
53%
turned
53%
was
53%
drum
52%
execution
52%
miles
52%
not
52%
why!
52%
roll
51%
ahead!
50%
Never
50%
From
49%
from
49%
grass,
49%
hand,
49%
asking
48%
long,
48%
upper
48%
dead!
46%
strong,
46%
bombardment
45%
It
45%
lasted
45%
blood!
44%
Face
44%
soldiers
44%
Thou
44%
wasteland
44%
land,
43%
said
43%
slowly
43%
standing
43%
you
43%
defended,
42%
flood,
42%
spirit
42%
Heavily
41%
lead!
41%
lie,
41%
madness
41%
Join
40%
further,
39%
Heard
39%
resistance
39%
their
39%
have
38%
make
38%
quickly
38%
forts
37%
with
37%
Death
36%
scarred
36%
Yet
35%
been
33%
Fill
33%
Though
33%
every
32%
then
32%
corner,
31%
ground
31%
above
29%
awaits
29%
sprung
29%
trap's
28%
shalt
21%
No matching quizzes found
Score Distribution
Percent of People with Each Score
Percentile by Number Answered
Your Score History
You have not taken this quiz